Science Quiz

Random Science or Animal Quiz

Name That Mammal! Quiz Stats

Quiz Updated Sep 28, 2016

Also try: Name That Bug!
Challenge
Share
Tweet
Score 0/36 Timer 05:00
4 Plays Today
% Correct
Cattle
98.3%
Zebra
98.2%
Tiger
98%
Panda
97.9%
Camel
97.7%
Pig
97.6%
Human
97.6%
Lion
97.4%
Polar Bear
97.3%
Dog
97.3%
Rhinoceros
96.9%
Fox
96.8%
Giraffe
96.7%
Elephant
96.6%
Hippopotamus
96.5%
Sheep
96.4%
Bat
96.1%
Skunk
96%
% Correct
Deer
95.3%
Moose
95.1%
Blue Whale
95%
Koala
94.9%
Bison
94.6%
Gorilla
94.4%
Beaver
93.1%
Cheetah
91.2%
Squirrel
91%
Armadillo
90.3%
Orangutan
84.1%
Lynx
81.2%
Hedgehog
79.7%
Badger
77%
Ferret
70.5%
Gazelle
69.8%
Gerbil
37.3%
Mandrill
33.1%

You're not logged in!

Compare scores with friends on all Sporcle quizzes.
Sign Up with Email
OR
Log In

You Might Also Like...

Show Comments

Extras

Top Quizzes Today


Score Distribution

Your Account Isn't Verified!

In order to create a playlist on Sporcle, you need to verify the email address you used during registration. Go to your Sporcle Settings to finish the process.